Monuments de Liège (très difficile) - Statistiques

Statistiques générales
  • Ce quiz a été pris 21 fois
    11 depuis la dernière actualisation
  • Le résultat moyen est 3 sur 16
Statistiques - réponses
Par images Réponse % Correct
Jardin Botanique
64%
Athénée Léonie de Waha
36%
Passerelle Saucy
36%
B4/Amphithéâtres de l'Europe
27%
Église Saint-Pholien
27%
Pont du Pays de Liège
27%
Tour Atlas
27%
Pont Maghin
18%
Église des Bénédictines
9%
Grand Palais de Coronmeuse/Ancienne patinoire de Liège
9%
Institut Montefiore
9%
Tour Simenon/Résidence Georges Simenon
9%
Fontaine de la Tradition
0%
La société littéraire
0%
Musée d'Asembourg
0%
Statue du Roi Albert 1er
0%
Aucun quiz correspondant
Distribution des résultats
% des personnes avec chaque résultat
Percentile par nombre de réponses
Votre historique - résultats
Vous n’avez pas pris ce quiz depuis la dernière actualisation